000 00209nam a2200109Ia 4500
100 _aCHRONICLE/MARQUEZ
942 _cBK
245 _aCHRONICLE OF A DEATH
260 _b#N/A
546 _aENGLISH
999 _c27612
_d27612